| 000 | 00581nam a2200229 a 4500 | ||
|---|---|---|---|
| 001 | nice12345678 | ||
| 003 | IN_TiNIC | ||
| 005 | 20260116012148.0 | ||
| 008 | 050524s1941 lona grp 000 0 tel | ||
| 020 |
_a _c100 |
||
| 082 | 0 | 0 |
_a220.594827 _bBIB |
| 245 | _aHoly Bible in Telugu With References. | ||
| 260 |
_aLondon _bBritish and Foreign Bible Society _c1941 |
||
| 300 | _a952p. | ||
| 500 | _aincludes index and biblioraphy | ||
| 505 | 2 | _aBibliography, Index | |
| 650 | _aBible-Telugu | ||
| 710 | 2 | _aBible Society | |
| 902 | _bSRS | ||
| 942 | _cBK | ||
| 999 |
_c5890 _d5890 |
||